Nommez ces nageurs mondiaux - Statistiques

Statistiques générales
  • Ce quiz a été pris 186 fois
  • Le résultat moyen est 7 sur 16
Statistiques - réponses
Par images Réponse % Correct
Michael Phelps
97%
Florent Manaudou
92%
Léon Marchand
88%
Alain Bernard
75%
Caeleb Dressel
58%
Adam Peaty
55%
Kristof Milak
40%
Thomas Ceccon
40%
Ryan Lochte
36%
Nathan Adrian
34%
Chad Le Clos
29%
Yang Sun
29%
Gregorio Paltrinieri
12%
Kliment Kolesnikov
12%
Anthony Ervin
8%
Cesar Cielo Filho
4%
Aucun quiz correspondant
Distribution des résultats
% des personnes avec chaque résultat
Percentile par nombre de réponses
Votre historique - résultats
Vous n’avez pas pris ce quiz